Water dance / (Record no. 6436)

MARC details
000 -LEADER
fixed length control field 01035cam a2200325 a 4500
001 - CONTROL NUMBER
control field 6436
003 - CONTROL NUMBER IDENTIFIER
control field FISKH
005 - DATE AND TIME OF LATEST TRANSACTION
control field 20250502084334.0
008 - FIXED-LENGTH DATA ELEMENTS--GENERAL INFORMATION
fixed length control field 951109s1997 caua j 000 1 eng
010 ## - LIBRARY OF CONGRESS CONTROL NUMBER
LC control number 95047861
020 ## - INTERNATIONAL STANDARD BOOK NUMBER
International Standard Book Number 0152012842
020 ## - INTERNATIONAL STANDARD BOOK NUMBER
International Standard Book Number 9780152163969
040 ## - CATALOGING SOURCE
Original cataloging agency DLC
Transcribing agency DLC
Modifying agency DLC
Language of cataloging eng
050 ## - LIBRARY OF CONGRESS CALL NUMBER
Classification number PZ7.L7945 W
082 ## - DEWEY DECIMAL CLASSIFICATION NUMBER
Classification number 823.912
100 1# - MAIN ENTRY--PERSONAL NAME
Personal name Locker, Thomas,
Dates associated with a name 1937-
245 10 - TITLE STATEMENT
Title Water dance /
Statement of responsibility, etc. Thomas Locker.
250 ## - EDITION STATEMENT
Edition statement First Voyager Books edition 2002
260 ## - PUBLICATION, DISTRIBUTION, ETC.
Place of publication, distribution, etc. Orlando :
Name of publisher, distributor, etc. Harcourt Brace & Company,
Date of publication, distribution, etc. 1997.
300 ## - PHYSICAL DESCRIPTION
Extent 30 unnumbered pages :
Other physical details color illustrations ;
Dimensions 23 x 28 cm
505 ## - FORMATTED CONTENTS NOTE
Formatted contents note G<br/>
520 ## - SUMMARY, ETC.
Summary, etc. Water speaks of its existence in such forms as storm clouds, mist, rainbows, and rivers. Includes factual information on the water cycle.
521 8# - TARGET AUDIENCE NOTE
Target audience note 310<br/>
Source Lexile <br/>
521 8# - TARGET AUDIENCE NOTE
Target audience note G<br/>
Source Raz-Plus<br/><br/>
650 #1 - SUBJECT ADDED ENTRY--TOPICAL TERM
Topical term or geographic name entry element Water
General subdivision Fiction.
650 #1 - SUBJECT ADDED ENTRY--TOPICAL TERM
Topical term or geographic name entry element Hydrologic cycle
General subdivision Fiction.
906 ## - LOCAL DATA ELEMENT F, LDF (RLIN)
a 7
b cbc
c orignew
d 1
e ocip
f 19
g y-gencatlg
942 ## - ADDED ENTRY ELEMENTS (KOHA)
Source of classification or shelving scheme Dewey Decimal Classification
Koha item type Books
Suppress in OPAC No
Holdings
Withdrawn status Lost status Source of classification or shelving scheme Damaged status Not for loan Collection Home library Current library Shelving location Date acquired Total Checkouts Full call number Barcode Date last seen Date last checked out Copy number Price effective from Koha item type
    Dewey Decimal Classification     Juvenile Fiction Footprints International School Library Network Toul Kork Campus Footprints International School Library Network Toul Kork Campus TK Primary Library Room(4th Floor), Bookcase 7, Shelves 57-60, Dark Green Books 05/02/2025 1 LOC 823.912 PZ7.L7945 W FISTK02168 11/11/2025 09/04/2025 1 05/02/2025 Books